[Event "Michigan Senior"]
[Site "Warren, MI"]
[Date "2003.06.08"]
[Round "3.3"]
[White "Bailey, Greg"]
[Black "Mazuchowski, Tom"]
[Result "1/2-1/2"]
[WhiteElo "1926"]
[BlackElo "2000"]
[Annotator "Tim McGrew"]
[PlyCount "101"]
[EventDate "2003.06.07"]

{Bird A most absorbing game! Black plays uncompromisingly in the opening, but
White manages to consolidate. And then ... but that would be telling the
secret before it's time!} 1. f4 d6 2. Nf3 Bg4 {After two moves we are already
well off of the theoretical highways and onto the bypaths.} 3. e3 {White
sticks to his Bird patterns, but this might be the place for a different
interpretation of the opening.} (3. e4 {grabs space at an opportune moment
when Black would lose time playing ...d5. Transpositions into King's Gambit or
Sicilian Grand Prix positions look just slightly suspect here since Black's
bishop is committed too early. One reasonable Black response would be} c6 {,
reserving the option of ...e5 or ...d5 later depending on how the fight in the
center evolves.}) 3... e5 {Now Black looks fine.} 4. fxe5 dxe5 5. Nc3 Nf6 6.
Be2 Bd6 7. O-O c6 (7... Nc6 {also looks reasonable.}) 8. d4 e4 9. Nd2 Bxe2 10.
Qxe2 Qe7 11. g4 h5 {This looks somewhat weakening, though it must have been
hard to resist the chance to lure White's pawn forward.} 12. g5 Ng4 13. h4 $6 {
But this is definitely an overextension and gives Black real chances.} (13. h3
$5 Nh2 14. Rf2 Nf3+ 15. Nxf3 exf3 16. Qxf3 $16) 13... Bg3 14. Ncxe4 Bxh4 15.
Nf3 Qxe4 16. Nxh4 Nd7 17. Rf4 Qe7 18. Nf5 Qxg5 $6 {Very bold -- perhaps too
bold. Now Black drops the exchange.} (18... Qf8 {looks much safer.}) 19. Nd6+
Ke7 20. Nxf7 Qg6 21. Nxh8 Rxh8 22. Qg2 Ndf6 23. Bd2 Kd7 24. e4 {White has
consolidated and has a clear edge. But those knights are pesky -- the next
task is to find a way to dislodge them.} Kc8 25. Re1 Re8 26. c4 Nh7 27. Rf5 $5
{I'm not sure whether this was an oversight or a trap!} Qd6 (27... Rxe4 $5 {
picks up a pawn, but after} 28. Rf8+ Nxf8 29. Qxe4 Qxe4 30. Rxe4 {the
simplification favors White.}) 28. Bc3 g6 29. Rff1 Ng5 30. e5 $1 Qc7 31. Rf4
Qd7 32. d5 $1 {White's play is magnificently confident. The central squares
are well defended and the pawns roll forward powerfully. I have to wonder
whether he was consuming clock time working all of this out, however. That
might explain some upcoming events.} Kb8 33. e6 Qh7 34. Bf6 {This is not bad,
but it is a small slip that shows White doesn't quite know how to finish
things off.} (34. d6 $1 {breaks the back of Black's resistance because of the
weakness of his back rank:} Nxe6 $2 {is impossible because of} 35. Rxe6 Rxe6
36. Rf8+ $1 Re8 37. Rxe8#) 34... Qh6 35. Rxg4 $6 {The slide becomes more
serious. Why is White opening the h-file here?} (35. Bxg5 $1 Qxg5 36. Qg3 Ka8
37. e7 $1 {is decisive.}) 35... hxg4 36. Qxg4 Nh3+ 37. Kg2 $2 {But this is
truly alarming.  DIAGRAM} ({White had to walk into a discovered check with} 37.
Kh2 $1 {in order to keep everything under control. The knight is under too
much pressure now, and after} Nf4+ 38. Qh4 $1 Nh5 39. Be5+ Ka8 40. d6 $1 {
Black cannot stop the pawns except at a prohibative cost.}) 37... Qd2+ $1 {Oh
dear! Suddenly Black is back in the game.} 38. Kxh3 (38. Re2 Qxe2+ (38... Nf4+
$2 39. Qxf4+ $1 Qxf4 40. Be5+ Qxe5 41. Rxe5 $18) 39. Qxe2 Nf4+ 40. Kf3 Nxe2 41.
Kxe2 {is a difficult ending similar to the game.}) 38... Qxe1 39. Qg3+ Qxg3+
40. Kxg3 cxd5 41. cxd5 Kc7 42. Be5+ Kd8 43. Bf6+ Kc7 44. Kf4 Kd6 45. Ke4 Rg8
46. Bg5 $6 {The idea of checking from f4 is attractive, but this allows Black
the use of the h8 square.} (46. Bc3 $1 {threatens Bb4+ after which it is very
hard to stop the pawns, e.g.} g5 47. Bb4+ Kc7 48. Be1 Kd6 49. Bg3+ Ke7 50. Ke5
{and now there is no check on the fifth rank so Black must lose material:} Kd8
51. d6 Rh8 52. Kf6 Rf8+ 53. Kg6 Ke8 54. Be5 Rf3 55. Kxg5 Rd3 56. d7+ Ke7 57.
Bf6+ {and the d-pawn costs Black his rook.}) 46... Rh8 $1 {Alert play!} 47.
Bf4+ Ke7 $1 {The king is needed here, not only to stop the advance of the
pawns but also to keep an eye on f6 and d6 so that White's king cannot come
forward.} 48. Bg5+ (48. Ke5 {doesn't go anywhere now because of} Rh5+ 49. Ke4
Rh8 {and White has no obvious way to make progress.}) 48... Kd6 49. Bf4+ Ke7
50. Bg5+ Kd6 51. Bf4+ {A wonderful fighting game.} 1/2-1/2

[Event "Flint June Tuesday Night Swiss"]
[Site "Flint, MI"]
[Date "2003.06.10"]
[Round "2"]
[White "Mandell, Ed"]
[Black "Davidovich, Manis"]
[Result "0-1"]
[WhiteElo "1258"]
[BlackElo "2101"]
[PlyCount "44"]
[EventDate "2003.06.03"]

1. d4 d5 2. Nf3 e6 3. e3 Nf6 4. b3 c5 5. Bb2 Nc6 6. c4 cxd4 7. exd4 Bb4+ 8.
Nbd2 Ne4 9. a3 Bxd2+ 10. Nxd2 O-O 11. Nxe4 dxe4 12. Qc2 Nxd4 13. Qxe4 Nxb3 14.
Rd1 Qa5+ 15. Ke2 Nc5 16. Qd4 e5 17. Qxe5 Bg4+ 18. f3 Rfe8 19. Rd5 f6 20. fxg4
fxe5 21. Kf3 Qe1 22. Rxe5 Rf8+ 0-1

[Event "National Open"]
[Site "Las Vegas, NV"]
[Date "2003.06.13"]
[Round "1"]
[White "Yanayt, Eugene"]
[Black "Finegold, Ben"]
[Result "0-1"]
[WhiteElo "2179"]
[BlackElo "2631"]
[PlyCount "76"]
[EventDate "2003.06.12"]

1. d4 Nf6 2. c4 c5 3. d5 e5 4. Nc3 d6 5. e4 Be7 6. Nf3 Nbd7 7. Bd3 Nf8 8. O-O
Ng6 9. a3 O-O 10. b4 b6 11. Rb1 h6 12. Bd2 Nh7 13. h3 $6 Ng5 14. Rb2 $6 Nf4 15.
Bxf4 exf4 16. e5 $2 dxe5 17. Nxe5 Bf6 18. Nc6 Qd7 19. Rb3 f3 20. Ne4 Nxh3+ 21.
Kh2 fxg2 22. Nxf6+ gxf6 23. Kxg2 Nf4+ 24. Kg1 Kh8 25. Be4 Bb7 26. Qd2 Qg4+ $6
27. Rg3 Ne2+ 28. Kh2 Qxe4 29. Rg4 $1 Qh7 $1 30. Rh4 $6 Rg8 31. Rxh6 $2 Rg7 32.
Rxh7+ Rxh7+ 33. Kg2 Bxc6 34. Qxe2 $2 (34. dxc6 Nd4 35. Kg3 $1 {And white has
drawing chances.}) 34... Rg8+ 35. Kf3 Rh3+ 36. Kf4 Bd7 37. Qd1 Rh4+ 38. Ke3
Re8+ 0-1

[Event "National Open"]
[Site "Las Vegas, NV"]
[Date "2003.06.13"]
[Round "2"]
[White "Finegold, Ben"]
[Black "Casella, Michael"]
[Result "1-0"]
[WhiteElo "2631"]
[BlackElo "2342"]
[PlyCount "50"]
[EventDate "2003.06.12"]

1. e4 c5 2. Nf3 Nc6 3. Bb5 g6 4. O-O Bg7 5. c3 Nf6 6. Re1 O-O 7. h3 e5 8. Na3
d6 9. Nc2 Bd7 10. a4 Rc8 11. d3 Nh5 12. d4 a6 13. Bf1 cxd4 14. cxd4 exd4 15.
Ncxd4 Re8 16. Bg5 Qb6 17. Be3 Rxe4 18. Nf5 Rxe3 19. Nxe3 Be6 20. Bc4 Bxc4 21.
Nxc4 Qb4 22. Nxd6 Rd8 23. Re8+ Rxe8 24. Nxe8 Bxb2 25. Rb1 Qa3 1-0

[Event "Toledo June Swiss"]
[Site "Toledo, OH"]
[Date "2003.06.14"]
[Round "3"]
[White "Schwind, Mike"]
[Black "Johnson, Marshall"]
[Result "1-0"]
[WhiteElo "1539"]
[BlackElo "1293"]
[PlyCount "129"]
[EventDate "2003.06.14"]

1. e4 c5 2. Nf3 Nc6 3. d4 cxd4 4. Nxd4 g6 5. Be3 Bg7 6. Qd2 Nf6 7. f3 d5 8.
Nxc6 bxc6 9. e5 Nd7 10. f4 f6 11. exf6 Nxf6 12. Bd3 d4 13. Bxd4 O-O 14. Bc4+
Kh8 15. Qc3 e5 16. Bxe5 Qe7 17. O-O Nh5 18. Bxg7+ Nxg7 19. Nd2 Bb7 20. Rae1 Qh4
21. g3 Qd8 22. Nf3 h5 23. Ng5 Qb6+ 24. Kg2 c5+ 25. Kg1 Qf6 26. Qxf6 Rxf6 27.
Re7 Rb6 28. b3 Ba6 29. Bxa6 Rxa6 30. a4 c4 31. Rd1 Nf5 32. Rc7 cxb3 33. cxb3
Rb6 34. Rd3 a6 35. Nf7+ Kg8 36. Ne5 Rab8 37. Rcc3 R8b7 38. Kf2 Kg7 39. Rd7+
Rxd7 40. Nxd7 Rb7 41. Ne5 Nd4 42. Rd3 Nxb3 43. Rd6 Nc5 44. Rxg6+ Kh7 45. Rc6
Nxa4 46. Rxa6 Nc5 47. Rc6 Rb2+ 48. Kg1 Ne4 49. Nd3 Rd2 50. Ne5 Kg7 51. Nf3 Rb2
52. Re6 Nf6 53. h3 Ra2 54. Nh4 Rb2 55. Re5 Ra2 56. Rg5+ Kf7 57. g4 Ra4 58. Ng2
hxg4 59. hxg4 Rd4 60. Kh2 Nd5 61. Rf5+ Kg6 62. Kh3 Nf6 63. Re5 Nd5 64. Nh4+ Kf6
65. g5+ $138 1-0

[Event "National Open"]
[Site "Las Vegas, NV"]
[Date "2003.06.14"]
[Round "3"]
[White "McCambridge, Vincent"]
[Black "Finegold, Ben"]
[Result "1/2-1/2"]
[WhiteElo "2495"]
[BlackElo "2631"]
[PlyCount "116"]
[EventDate "2003.06.12"]

1. c4 c6 2. Nf3 d5 3. d4 Nf6 4. Nc3 a6 5. Qb3 dxc4 6. Qxc4 b5 7. Qb3 e6 8. Bg5
Nbd7 9. Rd1 Qb6 10. g3 c5 11. Bg2 Bb7 12. O-O cxd4 13. Nxd4 Bxg2 14. Kxg2 Be7
15. f3 Rc8 16. e4 Nc5 17. Qc2 Na4 18. Nde2 O-O 19. Qb1 Nxc3 20. Nxc3 b4 21. Na4
Qb5 22. Bxf6 Bxf6 23. b3 Rfd8 24. Rf2 h5 25. Nb2 Bxb2 26. Rxb2 Qe5 27. Rbd2
Rxd2+ 28. Rxd2 Rc3 29. Qd1 Qc5 30. Qe2 a5 31. f4 g6 32. Kh3 Kg7 33. Qf2 Qxf2
34. Rxf2 e5 35. fxe5 Re3 36. Rd2 Rxe4 37. Rd5 Re2 38. Rxa5 g5 39. g4 h4 40. Rb5
Rxa2 41. Rxb4 Re2 42. Rb5 Kf8 43. b4 Ke7 44. Rc5 Ke6 45. b5 Rb2 46. Rc6+ Kxe5
47. Rc5+ Kf6 48. Rc6+ Ke7 49. Rc5 f6 50. Rc7+ Ke6 51. Rc6+ Kf7 52. Rc7+ Kg6 53.
Rc5 Rb4 54. Rd5 Kf7 55. Rc5 Rb3+ 56. Kg2 Ke6 57. h3 Rb2+ 58. Kg1 Rb1+ 1/2-1/2

[Event "Toledo June Swiss"]
[Site "Toledo, OH"]
[Date "2003.06.14"]
[Round "4"]
[White "Johnson, Marshall"]
[Black "Knecht, Charles"]
[Result "0-1"]
[WhiteElo "1293"]
[BlackElo "1387"]
[Annotator "Marshall Johnson"]
[PlyCount "71"]
[EventDate "2003.06.14"]

1. Nf3 Nf6 2. g3 g6 3. Bg2 Bg7 4. d4 O-O 5. c4 c6 6. O-O d5 7. Nbd2 Bd7 $2 {
This move is the start of Black's troubles. This bishop often gets into
trouble when leaving home early. It's much worse if he locks it outside of the
e6-pawn, however.} 8. Qb3 Qc8 $6 {Adding to Black's troubles. His position is
becoming cramped.} 9. cxd5 cxd5 10. Ne5 e6 11. Ndf3 $16 b6 12. Bf4 Be8 $2 13.
Rac1 $1 {Putting the pressure on the Black queen-side.} Qb7 14. Nd3 Nc6 15. Bd6
Na5 16. Qc2 Bb5 17. Bxf8 Kxf8 18. Qc7 Qa6 $2 19. Nb4 Qb7 20. Qxb7 Nxb7 21. Rc7
$6 {Jr.8 prefers the move order:} Nd6 22. Nc6 $4 a6 $2 23. Re1 $2 Nfe8 $1 $17
24. Ra7 Bxc6 25. Rxa8 Bxa8 26. Rc1 Bb7 27. e3 Ke7 28. Ne5 Bxe5 $2 29. dxe5 Nc4
$4 30. b3 $4 ({Both players obviously missed the simple shot:} 30. Rxc4 $1 dxc4
31. Bxb7 $11) 30... Nxe5 {All the life is now out of the game. White wanted to
pack up his stuff, get something to eat, and was just looking for a quick way
out of the game.} 31. f4 Nd7 32. Kf2 Ndf6 33. Ke2 Kd7 34. Kd3 Nd6 35. Bf3 Nde4
36. h4 {White Resigns} 0-1

[Event "Toledo June Swiss"]
[Site "Toledo, OH"]
[Date "2003.06.14"]
[Round "1"]
[White "Johnson, Marshall"]
[Black "Damask, Tod"]
[Result "0-1"]
[WhiteElo "1293"]
[BlackElo "1445"]
[PlyCount "46"]
[EventDate "2003.06.14"]

1. Nf3 d5 2. d4 Nf6 3. g3 Bf5 4. Bg2 e6 5. O-O c5 6. c4 Nc6 7. Qa4 Qa5 8. Qb3
Qb4 9. cxd5 Nxd5 10. Bd2 Qxb3 11. axb3 cxd4 12. Na3 Ncb4 13. Nxd4 Bg6 14. e4
Nf6 15. Nab5 Kd7 16. Rfd1 Nc6 17. Nxc6 bxc6 18. Bc3+ Kc8 19. Nxa7+ Kb7 20. Nxc6
Rxa1 21. Rxa1 Kxc6 22. e5+ Nd5 23. Ra6+ Kb7 0-1

[Event "National Open"]
[Site "Las Vegas, NV"]
[Date "2003.06.14"]
[Round "4"]
[White "Finegold, Ben"]
[Black "Khachiyan, Melikset"]
[Result "1/2-1/2"]
[WhiteElo "2631"]
[BlackElo "2513"]
[PlyCount "82"]
[EventDate "2003.06.12"]

1. d4 Nf6 2. c4 g6 3. Nc3 d5 4. e3 Bg7 5. Qb3 c6 6. Nf3 O-O 7. Bd2 Qb6 8. Bd3
Bf5 9. Bxf5 Qxb3 10. axb3 gxf5 11. Ke2 Nbd7 12. h3 Nb6 13. Ne5 Ne4 14. cxd5
Nxd2 15. Kxd2 Bxe5 16. dxc6 Rad8 17. Rxa7 bxc6 18. Rxe7 Bf6 19. Rb7 Rb8 20.
Rxb8 Rxb8 21. Ra1 Nd5 22. Ra5 f4 23. e4 Nxc3 24. bxc3 Rxb3 25. Rf5 Be7 26. Kc2
Rb6 27. Rxf4 c5 28. d5 Bd6 29. Rf6 c4 30. e5 Bc7 31. d6 Bd8 32. Rf5 Rb5 33. f4
Rd5 34. g4 Rd3 35. Rh5 Kg7 36. e6 fxe6 37. Rc5 Rxd6 38. Rxc4 Rd7 39. Rd4 Rd5
40. Rxd5 exd5 41. c4 dxc4 1/2-1/2

[Event "National Open"]
[Site "Las Vegas, NV"]
[Date "2003.06.15"]
[Round "5"]
[White "Finegold, Ben"]
[Black "Belakovskaia, Anjelina"]
[Result "1-0"]
[WhiteElo "2631"]
[BlackElo "2373"]
[PlyCount "49"]
[EventDate "2003.06.12"]

1. d4 Nf6 2. c4 e6 3. Nc3 Bb4 4. Qc2 b6 5. e4 Bb7 6. Bd3 Bxc3+ 7. bxc3 d6 8. f4
e5 9. Nf3 Nbd7 10. O-O Qe7 11. fxe5 dxe5 12. Bg5 O-O-O 13. c5 h6 14. Bxf6 gxf6
15. cxb6 axb6 16. a4 f5 17. Rfe1 Rhe8 18. a5 exd4 19. a6 Bxe4 20. cxd4 Nf6 21.
a7 Kb7 22. Rxe4 Qxe4 23. Bxe4+ Nxe4 24. Ne5 Rd6 25. Qa4 1-0

[Event "U.S. Amateur North U1600"]
[Site "Detroit, MI"]
[Date "2003.06.17"]
[Round "1.3"]
[White "Mandell, Ed"]
[Black "Johnson, Johnny"]
[Result "1-0"]
[WhiteElo "1243"]
[BlackElo "1508"]
[PlyCount "123"]
[EventDate "2003.05.17"]

1. e4 c5 2. Nf3 Nc6 3. d4 cxd4 4. Nxd4 d5 5. Bb5 Qd6 6. Qf3 e5 7. Nxc6 bxc6 8.
Ba4 dxe4 9. Qxe4 Bb7 10. O-O Nf6 11. Qf3 Rd8 12. b3 Be7 13. Ba3 Qd5 14. Qc3 Ne4
15. Qc4 Qxc4 16. bxc4 Bxa3 17. Nxa3 O-O 18. Rfe1 Nc5 19. Bb3 Rfe8 20. Rad1 e4
21. Rxd8 Rxd8 22. Kf1 Rd2 23. Re2 Rd4 24. c3 Rd3 25. Nb1 f5 26. Bc2 Rd6 27. Rd2
Nd3 28. Bxd3 Rxd3 29. Rxd3 exd3 30. f3 g5 31. Ke1 h5 32. Kd2 c5 33. Kxd3 g4 34.
Ke3 Kf7 35. Kf4 Kf6 36. Nd2 Ba6 37. fxg4 hxg4 38. h3 Bb7 39. hxg4 fxg4 40. Ne4+
Bxe4 41. Kxe4 Kg5 42. g3 a6 43. a4 a5 44. Ke5 Kg6 45. Kf4 Kf6 46. Kxg4 Ke5 47.
Kg5 Ke4 48. g4 Kd3 49. Kf6 Kxc3 50. g5 Kxc4 51. g6 Kb3 52. g7 Kxa4 53. g8=Q Kb4
54. Ke5 a4 55. Qg4+ Kb3 56. Kd5 a3 57. Qg7 c4 58. Qa1 a2 59. Kd4 c3 60. Qxc3+
Ka4 61. Kc4 a1=Q 62. Qxa1# 1-0

[Event "Flint June Tuesday Night Swiss"]
[Site "Flint, MI"]
[Date "2003.06.17"]
[Round "3"]
[White "Davidovich, Manis"]
[Black "Vandivier, Don"]
[Result "0-1"]
[WhiteElo "2101"]
[BlackElo "1883"]
[Annotator "Don Vandivier"]
[PlyCount "52"]
[EventDate "2003.06.03"]

1. e4 c5 2. Nf3 d6 3. d4 cxd4 4. Nxd4 Nf6 5. Nc3 a6 6. Bc4 e6 7. Be3 b5 8. Bb3
Qc7 ({One of the book lines go like this:} 8... Be7 9. Qe2 O-O 10. O-O-O b4 11.
Na4 Nxe4 12. f4 d5 13. f5 Bg5 14. Nf3 Bxe3+ 15. Qxe3 {and although Black is a
pawn up, the position is considered even. Notice that White threatens the
immediate 16.Nb6 and that Black's pawn assault against White's king is stopped.
White can find good play on either side of the board.}) 9. Qe2 {White offers
the e-pawn if Black chases the defending knight away with b4?!} Be7 {I prefer
to threaten to take the pawn rather than take it. The more developed I can get
before snatching the pawn, the better chances of getting away with it.} 10.
O-O-O O-O 11. g4 $6 {Okay, now I'll go for it...} b4 12. Nd5 $2 {A bad
sacrifice.} exd5 13. g5 Nxe4 14. Bxd5 Bb7 15. Nf5 Bxd5 16. Rxd5 Rc8 $6 (16...
Re8 {was much better.}) 17. Kb1 $6 (17. Bf4 $1 {Gives White the advantage no
matter what Black plays.}) 17... Bf8 18. Bd4 Re8 19. Qh5 Nc6 $1 20. Nh6+ Kh8
21. Nxf7+ Kg8 22. Nh6+ {My plan was to clear my own f-pawn out of the way so
that my queen could help defend against mates.} gxh6 23. gxh6 Nxd4 24. Rg1+ Kh8
25. Rdg5 $2 {So now I announced MATE-IN-TWO!!} (25. Rxd4 {also loses quickly
after} Rac8 26. Rc1 Qc5) 25... Nd2+ 26. Kc1 (26. Ka1 Nxc2#) 26... Qxc2# 0-1

[Event "Bottom-Half Class U1900"]
[Site "Warren, MI"]
[Date "2003.06.21"]
[Round "2.3"]
[White "Zubatch, Steve"]
[Black "Moroney, Timothy"]
[Result "1-0"]
[WhiteElo "1821"]
[BlackElo "1720"]
[PlyCount "65"]
[EventDate "2003.06.21"]

1. e4 d6 2. d4 Nf6 3. Bd3 c6 4. h3 Nbd7 5. Nf3 e5 6. c3 Be7 7. O-O O-O 8. Qc2
Re8 9. Re1 Qc7 10. Nbd2 Nf8 11. Nf1 Be6 12. Ng3 N8d7 13. Ng5 Nf8 14. Nxe6 Nxe6
15. Nf5 Bf8 16. Be3 a6 17. Rad1 b5 18. b3 Nh5 19. Qe2 g6 20. Nh6+ Bxh6 21. Bxh6
exd4 22. cxd4 Nxd4 23. Qb2 Ne6 24. g4 Nhf4 25. Re3 d5 26. exd5 Nxd5 27. Rf3
Rad8 28. Be4 Nb6 29. Rc1 Rd6 30. Qf6 Re7 31. Rxc6 Rxc6 32. Bxc6 Qd6 33. Be8 1-0

[Event "Bottom-Half Class U1900"]
[Site "Warren, MI"]
[Date "2003.06.21"]
[Round "3.2"]
[White "Zubatch, Steve"]
[Black "Garrison, Ray"]
[Result "0-1"]
[WhiteElo "1821"]
[BlackElo "1887"]
[PlyCount "48"]
[EventDate "2003.06.21"]

1. e4 Nf6 2. Nc3 d6 3. d4 c6 4. h3 Qa5 5. Bd3 e5 6. Nf3 Nbd7 7. O-O Be7 8. Be3
exd4 9. Bxd4 Ne5 10. Be2 Be6 11. Nxe5 dxe5 12. Be3 Rd8 13. Bd3 O-O 14. a3 Rd7
15. Qe2 Rfd8 16. Rfd1 Qc7 17. Qf3 Ne8 18. Qg3 f6 19. Rf1 Nd6 20. b3 Ne8 21. Be2
Qa5 22. b4 Qc7 23. Rfd1 Nd6 24. Na4 Nxe4 0-1

[Event "Bottom-Half Class U1300"]
[Site "Warren, MI"]
[Date "2003.06.21"]
[Round "1.1"]
[White "Zaremba, Anatoli"]
[Black "Smith, Glenn"]
[Result "1-0"]
[WhiteElo "1202"]
[BlackElo "1289"]
[Annotator "Tim McGrew"]
[PlyCount "56"]
[EventDate "2003.06.21"]

{Semi-Slav} 1. d4 Nf6 2. c4 d5 3. Nc3 c6 4. Nf3 e6 5. e3 {This is an extremely
solid system against Black's Semi-Slav, having enjoyed widespread popularity
since its adoption by virtually all of the other top players a hundred years
ago.} Bd6 6. Bd3 dxc4 {Though I don't play this system for Black, I would be
worried about releasing the central tension this early.} ({Perhaps} 6... Nbd7)
({or} 6... O-O {is better.}) 7. Bxc4 b5 8. Bd3 a5 {Very ambitious play -- too
ambitious, perhaps.} 9. O-O (9. e4 $1 {looks like effective way to carve out a
large chunk of real estate in the center.}) 9... Qc7 10. Bd2 {This looks a
little slow, but White has a good idea in mind: to occupy the c-file and
torment the backward pawn on c6. Remarkably, he manages to follow through on
this theme for the rest of the game.} Ng4 11. g3 (11. h3 {might be preferable,
but both moves get the job done.}) 11... Bb7 12. Ne4 $1 Be7 13. Rc1 Ba6 14. a3
Nd7 15. Qc2 a4 $2 {Hereabouts Black needs to play ...b4 to have any play at
all. Now his c-pawn is like a ball and chain.} 16. Bb4 ({There is nothing
wrong with the blunt} 16. Qxc6 {, but White seems determined to take his time
about it.}) 16... Bf8 17. Qc3 Rc8 18. Rc2 Ndf6 19. Rfc1 Bb7 20. Nxf6+ Nxf6 21.
Bxf8 Kxf8 22. Ne5 (22. Bxb5 $1 {is another way to cash in on White's massive
buildup of force on the c-file.}) 22... Nd5 23. Qc5+ Qe7 24. Qxe7+ Nxe7 25. Be4
{The final straw.} g6 26. Nxc6 Nxc6 27. Bxc6 Bxc6 28. Rxc6 Rb8 {A relentless
exploitation of the weak c-pawn -- most instructive!} 1-0

[Event "Bottom-Half Class U1300"]
[Site "Warren, MI"]
[Date "2003.06.21"]
[Round "5.5"]
[White "Zaremba, Anatoli"]
[Black "Sebring, Tommy"]
[Result "1-0"]
[WhiteElo "1202"]
[BlackElo "842"]
[PlyCount "90"]
[EventDate "2003.06.21"]

1. d4 d5 2. c4 Nf6 3. Nc3 Be6 4. cxd5 Bxd5 5. Nxd5 Nxd5 6. Nf3 Nc6 7. e3 e6 8.
a3 Qd7 9. Bb5 Bd6 10. Qc2 O-O-O 11. O-O Rde8 12. Bd2 e5 13. dxe5 Bxe5 14. Nxe5
Rxe5 15. Bxc6 Qxc6 16. Qxc6 bxc6 17. Rac1 Re6 18. Rc5 Nf6 19. Rfc1 Kb7 20. f3
Rd8 21. Be1 Rdd6 22. Bf2 Rd2 23. R5c2 Rxc2 24. Rxc2 Rd6 25. Be1 Rd3 26. e4 Nh5
27. Kf2 Nf4 28. Bd2 Ne6 29. Ke2 Rd7 30. Be3 Nd4+ 31. Bxd4 Rxd4 32. Rd2 Rxd2+
33. Kxd2 Kb6 34. Kc3 c5 35. Kc4 c6 36. g4 g5 37. h3 a5 38. e5 h6 39. a4 Kc7 40.
Kxc5 Kd7 41. Kb6 Ke6 42. Kxa5 Kxe5 43. Kb6 Kf4 44. a5 Kxf3 45. a6 Kg3 1-0

[Event "Bottom-Half Class U1300"]
[Site "Warren, MI"]
[Date "2003.06.21"]
[Round "3.4"]
[White "Zaremba, Anatoli"]
[Black "Gregg, Ted"]
[Result "0-1"]
[WhiteElo "1202"]
[BlackElo "1272"]
[PlyCount "76"]
[EventDate "2003.06.21"]

1. d4 f5 2. c4 Nf6 3. Nc3 e6 4. g3 Bb4 5. Bg2 O-O 6. Nf3 d6 7. O-O Qe8 8. a3
Bxc3 9. bxc3 Nbd7 10. Re1 Ne4 11. Rb1 Ndf6 12. Nd2 Nxd2 13. Bxd2 c6 14. e4 fxe4
15. Bxe4 Nxe4 16. Rxe4 Qg6 17. Rc1 e5 18. Re2 Bf5 19. Qb3 b6 20. dxe5 Rae8 21.
Rce1 Rxe5 22. Rxe5 dxe5 23. Rxe5 c5 24. Re7 a5 25. h4 Bd3 26. Rd7 Qf5 27. Be3
Qxd7 28. Qxb6 Bxc4 29. Bxc5 Qd1+ 30. Kh2 Re8 31. Qc6 Qe2 32. Bd4 Qe6 33. Qc7
Qf7 34. Qxa5 Be6 35. Qb5 Bd7 36. Qb4 Qe6 37. Qb6 Qh3+ 38. Kg1 Re1# 0-1